000 02508cam a2200373 i 4500
001 22874322
005 20250915131451.0
008 221121s2023 enka b 001 0 eng d
010 _a 2022950477
015 _aGBC2L8816
_2bnb
020 _a9781509959389
_qhardback
035 _a22874322
035 _a(OCoLC)1355089714
040 _aUKMGB
_beng
_erda
_cUKMGB
_dBDX
_dOCLCF
_dYDX
_dDLC
042 _alccopycat
050 0 0 _aK370
_b.C66 2023
245 0 0 _aCombining the legal and the social in sociology of law
_b: an homage to Reza Banakar
_c/ edited by Håkan Hydén, Roger Cotterrell, David Nelken, Ulrike Schultz.
264 1 _aOxford :
_bHart Publishing,
_c2023.
300 _axvii, 476 pages :
_billustrations (black & white) ;
_c24 cm.
490 1 _aOñati international series in law and society
500 _aOpen access version available.
504 _aIncludes bibliographical references and index.
520 _aThis chapter will follow in Reza Banakar’s footsteps by investigating legal pluralism in a globalized world. It takes the transnational legal pluralistic reality surrounding corporations as its point of departure and examines how two corporations accused of misconduct manoeuvre around the legal pluralistic terrain to their advantage, and at the same time attempt to define which laws should be applicable within the field of corporate regulation. The examples are taken from two Swedish companies that have been the focus of various legal battles for suspected misconduct: the Telia Company (previously TeliaSonera) and Lundin Energy (previously Lundin Oil and Lundin Petroleum). In the analysis, I utilize Bourdieu’s analytical tool of ‘field’ and of struggles between social agents that possess various forms of capital (Bourdieu, 1993), to understand how the two multinational companies make strategic use of different and competing legal regulations.
650 0 _aSociological jurisprudence
_97852
700 1 _aHydén, Håkan,
_eeditor.
700 1 _aCotterrell, Roger
_q(Roger B. M.),
_eeditor.
_1https://isni.org/isni/0000000108688354
700 1 _aNelken, David,
_eeditor.
_1https://isni.org/isni/0000000375177479.
700 1 _aSchultz, Ulrike,
_eeditor.
830 0 _aOñati international series in law and society.
856 _uhttps://directory.doabooks.org/handle/20.500.12854/98552
906 _a7
_bcbc
_ccopycat
_d2
_eepcn
_f20
_gy-gencatlg
942 _2lcc
999 _c4944
_d4944